000 00700nam a2200241Ia 4500
003 OSt
005 20220924132644.0
006 a|||||r|||| 00| 0
007 ta
008 220923b |||||||| |||| 00| 0 san d
024 _a75882
037 _cTextual
040 _aARTS
_cARTS
_bsan
041 _2san
_asan
082 _aR66, 15G6
100 _aPandeya Upendra Vijnanana
_9204671
245 0 _aUpendra vijnana sutra ed by Mangal Deva
260 _c1936
490 _aPrincess of Wales Sarasvati Bhavan texts ed by Gopi Nath and Mangal Deva; 73
650 _aADVAITA PHILOSOPHY
_9790
942 _hR66, 15G6
_cTEXL
_2CC
999 _c431039
_d431039